Focus (Record no. 84449)
[ view plain ]
| 000 -LEADER | |
|---|---|
| fixed length control field | 00905cab a22002655a 4500 |
| 001 - CONTROL NUMBER | |
| control field | L157749 |
| 008 - FIXED-LENGTH DATA ELEMENTS--GENERAL INFORMATION | |
| fixed length control field | 130425e20130420xxk 000 0 eng d |
| 035 ## - SYSTEM CONTROL NUMBER | |
| System control number | (Sirsi) u157749 |
| 041 0# - LANGUAGE CODE | |
| Language code of text/sound track or separate title | eng |
| 100 1# - MAIN ENTRY--PERSONAL NAME | |
| Personal name | Simmons, Mark |
| 245 00 - TITLE STATEMENT | |
| Title | Focus |
| Remainder of title | Bristol, Bath and Swindon |
| 260 ## - PUBLICATION, DISTRIBUTION, ETC. | |
| Date of publication, distribution, etc. | 2013 |
| 490 ## - SERIES STATEMENT | |
| Series statement | Estates Gazette |
| Volume/sequential designation | (1316) 20 April 2013, 61-81(16) |
| 520 ## - SUMMARY, ETC. | |
| Summary, etc. | Includes information on the prospects of several office developments starting in Bristol in 2013; the planned deepwater terminal at Bristol docks which could transform the region into a distribution centre and the latest news on Bristol City Council's office development. |
| 590 ## - LOCAL NOTE (RLIN) | |
| Local note | KA |
| 651 #4 - SUBJECT ADDED ENTRY--GEOGRAPHIC NAME | |
| Geographic name | Bristol |
| 651 #4 - SUBJECT ADDED ENTRY--GEOGRAPHIC NAME | |
| Geographic name | Bath |
| 651 #4 - SUBJECT ADDED ENTRY--GEOGRAPHIC NAME | |
| Geographic name | Swindon |
| 690 ## - LOCAL SUBJECT ADDED ENTRY--TOPICAL TERM (OCLC, RLIN) | |
| Topical term or geographic name as entry element | Commercial property |
| 9 (RLIN) | 6227 |
| 700 1# - ADDED ENTRY--PERSONAL NAME | |
| Personal name | Meadwell, Stacey |
| 700 1# - ADDED ENTRY--PERSONAL NAME | |
| Personal name | Sidders, Jack |
| 700 1# - ADDED ENTRY--PERSONAL NAME | |
| Personal name | Thame, David |
| 700 1# - ADDED ENTRY--PERSONAL NAME | |
| Personal name | Hamilton, Helen |
| 942 ## - ADDED ENTRY ELEMENTS (KOHA) | |
| Suppress in OPAC | 0 |
| Withdrawn status | Lost status | Source of classification or shelving scheme | Damaged status | Not for loan | Home library | Current library | Shelving location | Date acquired | Total Checkouts | Barcode | Date last seen | Copy number | Price effective from | Koha item type |
|---|---|---|---|---|---|---|---|---|---|---|---|---|---|---|
| Dewey Decimal Classification | London | London | Journal article | 25/04/2013 | 157749-1001 | 06/08/2019 | 1 | 06/08/2019 | Journal article |